000 01043nam a2200241 a 4500
001 BRCA_980
005 20190320203229.0
008 910730s1992 mx-a---##c---#000-0#spa-#
040 _aDLC
_cDLC
041 _aspaengfre
044 _amx
050 4 _aNC1807.M4
_b.B54 2
_c1992
245 1 0 _a2 [i.e. Segunda] Bienal Internacional del Cartel en México, 1992 = Second International Biennial of the Poster in Mexico, 1992 = Deuxieme Biennale Internationale de L´Affiche au Mexique.
260 _aMéxico
_bTrama Visual AC : UAM
_c1992
300 _a152 p.
_bil. (algunas a color)
_c28 cm.
500 _aCatálogo de la exposición realizada en el Museo José Luis Cuevas (Ciudad de México), 1992
546 _aTexto en : español, inglés y francés
650 1 4 _aCarteles
_vConcursos
_xDiseño
_zMéxico
_93226
650 1 4 _aDiseñadores gráficos
_vExposiciones
_zMéxico
_93227
740 0 _aSecond International Biennial of the Poster in Mexico, 1992
740 0 _aDeuxieme Biennale Internationale de L´Affiche au Mexique
942 _2lcc
_cB
999 _c864
_d864